U.S. State Trivia by Letter - G - Statistics

General Stats
  • This quiz has been taken 168 times
  • The average score is 13 of 16
Answer Stats
Hint Answer % Correct
First name of Presidents Washington and Bush George
99%
State also known as the Peach State Georgia
99%
Famous landmark of San Francisco {Golden} {Gate} Bridge
96%
First name of President Ford Gerald
94%
Name of both a President and a cartoon feline Garfield
90%
Home of the Packers NFL team Green Bay
89%
Location of the turning point of the Civil War Gettysburg
87%
Body of water that borders Texas Gulf of Mexico
87%
Nickname of New Jersey {Garden} State
86%
Name of Elvis's mansion Graceland
85%
Most famous national park in Arizona Grand Canyon
85%
Middle name of President Cleveland Grover
81%
Tall monument in St. Louis {Gateway} Arch
80%
Second most populous city in Michigan Grand Rapids
70%
Flat region of the Midwest Great Plains
61%
National park located in both Canada and Montana Glacier
56%
No matching quizzes found
Score Distribution
Percent of People with Each Score
Percentile by Number Answered
Your Score History
You have not taken this quiz